000
00449nam a22001457a 4500
020
_a
978-626-7336-30-4
050
_a
415.225
060
_a
415.225
082
_a
415.225
100
_a
洪東榮
245
_a
然後, 你就中毒了:
_b
來不及後悔的毒物真相, 跟著醫師秒懂食品安全、藥物危害、野外傷害、環境工災等致命毒害
250
_a
初版
260
_a
臺北市
_b
創意市集
_c
2024.01
942
_2
ccl
_c
BOOK
999
_c
7532
_d
7532